Reformasi pembiayaan politik di Malaysia

Bibliographic Details
Format: Book
Published: Kuala Lumpur : Transparency International - Malaysia , 2010
Subjects:

MARC

LEADER 00000cam a2200000 7i4500
001 0000156925
005 20111215.0
020 |a 9789834290436 
090 0 0 |a 320.9595   |b REF 
245 0 0 |a Reformasi pembiayaan politik di Malaysia 
260 |a Kuala Lumpur :   |b Transparency International - Malaysia ,   |c 2010 
300 |a 247p. ;   |c 22cm. 
650 0 0 |a Political issue 
651 0 |a Malaysia   |x Political situations 
999 |a 00247423   |b BUKU   |c PINJAMAN   |e PERPUSTAKAAN KOMUNITI PETALING JAYA 
999 |a 00247424   |b BUKU   |c MALAYSIANA   |e PERPUSTAKAAN KOMUNITI PETALING JAYA